000 00743nam a2200289Ia 4500
005 20260324130104.0
008 008 260324s9999 xx 000 0 eng d
020 _a9781315241593
037 _aEBOOK
040 _aCRL
040 _beng
040 _cCRL
041 _2eng
041 _aeng
084 _qCRL
100 _aPamela J. Benson
_91180464
245 0 _aTexts from the Querelle, 1616–1640
245 0 _bEssential Works for the Study of Early Modern Women: Series III, Part Two, Volume 2
260 _bTaylor and Francis
260 _c2008
365 _a
365 _b74.99
856 _uhttp://www.taylorfrancis.com/books/9781315241593
942 _cEBOOK
999 _c1776311
_d1776311